书目信息 |
| 题名: |
X射线粉末衍射技术
|
|
| 作者: | 王春建, 编著 | |
| 分册: | ||
| 出版信息: | 北京 化学工业出版社 2024.08 |
|
| 页数: | 184页 | |
| 开本: | 24cm | |
| 丛书名: | ||
| 单 册: | ||
| 中图分类: | O434.1 | |
| 科图分类: | ||
| 主题词: | X射线衍射分析--X she xian yan she fen xi--粉末衍射法 , X射线摄影测量--X she xian she ying ce liang--粉末衍射法 | |
| 电子资源: | ||
| ISBN: | 978-7-122-45720-2 | |
| 000 | 01820nam0 2200289 450 | |
| 001 | 90642 | |
| 005 | 20250816081707.73 | |
| 010 | @a978-7-122-45720-2@dCNY58.00 | |
| 099 | @aCAL 012024091741 | |
| 100 | @a20240904d2024 em y0chiy50 ea | |
| 101 | 0 | @achi |
| 102 | @aCN@b110000 | |
| 105 | @aak a 000yy | |
| 106 | @ar | |
| 200 | 1 | @aX射线粉末衍射技术@AX she xian fen mo yan she ji shu@e测量与分析基础@d= X-ray powder diffraction technology@efundamentals of measurement and analysis@f王春建编著@zeng |
| 210 | @a北京@c化学工业出版社@d2024.08 | |
| 215 | @a184页@c图@d24cm | |
| 314 | @a王春建 (1982-), 山东庆云人, 博士, 副教授, 硕士生导师, 主要从事材料表征与分析X射线多晶衍射技术方向的科学研究和教学工作, 现就职于昆明理工大学分析测试研究中心 (云南省分析测试中心)。 | |
| 320 | @a有书目 (第183-184页) | |
| 330 | @a本书着重介绍衍射图谱的产生过程和各类影响因素, 以及与物相分析功能的相关性。在测量技术方面, 详细介绍了衍射仪中各类光路元器件的工作原理和参数设置, 并对测量过程的每个环节进行了详细论述。在物相分析方面, 针对最常用的物相鉴定功能开展了鉴定原理、鉴定方法、鉴定技巧、数据库应用等方面的详细论述, 并为鉴定结果的可信度提出评估方法和依据 ; 针对物相定量分析、微结构分析等深层次功能, 由浅入深地介绍了数学原理的推导、功能发展的历程, 以及部分案例的应用, 并且论证了分析方法的简化过程等内容。最后对衍射仪的维护保养、X射线辐射安全等方面进行了详细介绍, 并对X射线衍射技术的学习方法和技巧进行了深入讨论, 总结性指出了技术能力晋升的途径。 | |
| 510 | 1 | @aX-ray powder diffraction technology@efundamentals of measurement and analysis@zeng |
| 606 | 0 | @aX射线衍射分析@AX she xian yan she fen xi@x粉末衍射法 |
| 606 | 0 | @aX射线摄影测量@AX she xian she ying ce liang@x粉末衍射法 |
| 690 | @aO434.1@v5 | |
| 701 | 0 | @a王春建,@Awang chunjian@f1982-@4编著 |
| 801 | 0 | @aCN@c20250909 |
| 905 | @a河南城建学院图书馆@dO434.1@eW130@f1 | |
| X射线粉末衍射技术:测量与分析基础= X-ray powder diffraction technology:fundamentals of measurement and analysis/王春建编著.-北京:化学工业出版社,2024.08 |
| 184页:图;24cm |
| ISBN 978-7-122-45720-2:CNY58.00 |
| 本书着重介绍衍射图谱的产生过程和各类影响因素, 以及与物相分析功能的相关性。在测量技术方面, 详细介绍了衍射仪中各类光路元器件的工作原理和参数设置, 并对测量过程的每个环节进行了详细论述。在物相分析方面, 针对最常用的物相鉴定功能开展了鉴定原理、鉴定方法、鉴定技巧、数据库应用等方面的详细论述, 并为鉴定结果的可信度提出评估方法和依据 ; 针对物相定量分析、微结构分析等深层次功能, 由浅入深地介绍了数学原理的推导、功能发展的历程, 以及部分案例的应用, 并且论证了分析方法的简化过程等内容。最后对衍射仪的维护保养、X射线辐射安全等方面进行了详细介绍, 并对X射线衍射技术的学习方法和技巧进行了深入讨论, 总结性指出了技术能力晋升的途径。 |
| ● |
| 相关链接 |
|
|
|
正题名:X射线粉末衍射技术
索取号:O434.1/W130
 
预约/预借
| 序号 | 登录号 | 条形码 | 馆藏地/架位号 | 状态 | 备注 |
| 1 | 1624604 | 216246042 | 自科库401/401自科库 58排2列1层/ [索取号:O434.1/W130] | 在馆 |